000
00335 a2200109 4500
001
ART_10756
005
20260410161854.0
008
260409a
245
1
0
_a
Acerca de la despenalización del aborto
100
1
_a
Iribarne, Héctor P.
773
0
_t
Derecho privado
_g
Bioderecho - Año I, Nº 1 (mayo 2012)
_w
REV10455
999
_c
25292
_d
25292